Archangel / (Record no. 2061)

000 -LEADER
fixed length control field 00976nam a22003137a 4500
001 - CONTROL NUMBER
control field 4527367
003 - CONTROL NUMBER IDENTIFIER
control field LIBRIS
005 - DATE AND TIME OF LATEST TRANSACTION
control field 20210414110205.0
008 - FIXED-LENGTH DATA ELEMENTS--GENERAL INFORMATION
fixed length control field 011211s1999 xxk 000 0 eng c
020 ## - INTERNATIONAL STANDARD BOOK NUMBER
International Standard Book Number 0099282410 (pbk)
040 ## - CATALOGING SOURCE
Original cataloging agency eng
Language of cataloging eng
Transcribing agency DLC
041 ## - LANGUAGE CODE
Language code of text/sound track or separate title eng
080 ## - UNIVERSAL DECIMAL CLASSIFICATION NUMBER
Universal Decimal Classification number 821.111
Item number H-30
084 ## - OTHER CLASSIFICATION NUMBER
Classification number He.01
Number source kssb/6
100 1# - MAIN ENTRY--PERSONAL NAME
Personal name Harris, Robert,
Dates associated with a name 1957-
Authority record control number or standard number 190099
245 00 - TITLE STATEMENT
Title Archangel /
Statement of responsibility, etc. Robert Harris
Remainder of title / by: Arrow Books
260 ## - PUBLICATION, DISTRIBUTION, ETC.
Place of publication, distribution, etc. London
Name of publisher, distributor, etc. Arrow Books
Date of publication, distribution, etc. 1999
300 ## - PHYSICAL DESCRIPTION
Extent 421 p.
Dimensions 18cm
365 ## - TRADE PRICE
Price amount 5.99 gbp
600 14 - SUBJECT ADDED ENTRY--PERSONAL NAME
Personal name Stalin, Josef,
Dates associated with a name 1879-1953
General subdivision Archives
-- Fiction
650 #0 - SUBJECT ADDED ENTRY--TOPICAL TERM
9 (RLIN) 254
Topical term or geographic name entry element English literature
653 ## - INDEX TERM--UNCONTROLLED
Uncontrolled term ინგლისური ლიტერატურა
900 1s - EQUIVALENCE OR CROSS-REFERENCE-PERSONAL NAME [LOCAL, CANADA]
Linkage 100
Dates associated with a name 1957-
Affiliation Harris, Robert,
Dates associated with a name 1957-
942 ## - ADDED ENTRY ELEMENTS (KOHA)
Source of classification or shelving scheme
Koha item type Books
Holdings
Withdrawn status Lost status Source of classification or shelving scheme Damaged status Not for loan Permanent location Current location Date acquired Inventory number Total Checkouts Full call number Barcode Date last seen Price effective from Koha item type
          Ken Walker International University Ken Walker International University 03/09/2021 630   821.111 H-30 630 03/09/2021 03/09/2021 Books

Powered by Koha